De Caligari à Hitler : Une histoire psychologique du cinéma allemand (notice n° 2071878)

détails MARC
000 -LEADER
fixed length control field 01844cam a2200145 4500500
005 - DATE AND TIME OF LATEST TRANSACTION
control field 20260405003909.0
041 ## - LANGUAGE CODE
Language code of text/sound track or separate title fre
042 ## - AUTHENTICATION CODE
Authentication code dc
100 10 - MAIN ENTRY--PERSONAL NAME
Personal name Kracauer, Siegfried
Relator term author
245 00 - TITLE STATEMENT
Title De Caligari à Hitler : Une histoire psychologique du cinéma allemand
260 ## - PUBLICATION, DISTRIBUTION, ETC.
Name of publisher, distributor, etc. Klincksieck,<br/>
Date of publication, distribution, etc. 2019.<br/>
520 ## - SUMMARY, ETC.
Summary, etc. De Caligari à Hitler : ce titre célèbre caractérise en un significatif raccourci la période la plus riche de l’histoire du septième art allemand. En 1919, Le Cabinet du Dr Caligari ouvrait, en effet, l’ère de l’« écran démoniaque » et en 1933 Hitler brisait net le sonore.Entre ces deux dates, l’expressionnisme témoigna des tourments de l’âme germanique tandis que le réalisme analysait une société en crise. Rarement le cinéma fut plus profondément enraciné dans la vie culturelle, politique et sociale d’un peuple.Siegfried Kracauer devint en 1920 le critique cinématographique de la Frankfurter Zeitung et il y demeura jusqu’en 1933. C’est dire qu’il a suivi pas à pas le développement du cinéma dans son pays.Théoricien de l’esthétique, historien, philosophe, il entreprend d’étudier la propagande et les films nazis lorsqu’il arrive aux États-Unis, ce qui le conduit à remonter le courant et à écrire une étude psychologique fouillée qu’il publie en 1947 : From Caligari to Hitler. Ce texte, le premier qui utilise en cette matière les conquêtes du marxisme liées à celles de la psychanalyse, montre que le septième art, mieux que tout autre moyen d’expression, révèle dans sa vérité complexe la mentalité d’une nation. Immédiatement, ce livre monumental s’imposa comme un classique.
700 10 - ADDED ENTRY--PERSONAL NAME
Personal name Levenson, Claude B.
Relator term author
856 41 - ELECTRONIC LOCATION AND ACCESS
Uniform Resource Identifier <a href="https://shs.cairn.info/de-caligari-a-hitler--9782252041789?lang=fr&redirect-ssocas=7080">https://shs.cairn.info/de-caligari-a-hitler--9782252041789?lang=fr&redirect-ssocas=7080</a>

Pas d'exemplaire disponible.

PLUDOC

PLUDOC est la plateforme unique et centralisée de gestion des bibliothèques physiques et numériques de Guinée administré par le CEDUST. Elle est la plus grande base de données de ressources documentaires pour les Étudiants, Enseignants chercheurs et Chercheurs de Guinée.

Adresse

627 919 101/664 919 101

25 boulevard du commerce
Kaloum, Conakry, Guinée

Réseaux sociaux

Powered by Netsen Group @ 2025